[Event "90th Veliko Tarnovo GM"]
[Site "masterchessopen.com Veliko Tarnovo BUL"]
[Date "2017.02.06"]
[Round "1.1"]
[White "Dinev,De"]
[Black "Yordanov,Nikolay2"]
[Result "1-0"]
[WhiteElo "2297"]
[BlackElo "2144"]

1.d4 d5 2.Nf3 Bf5 3.g3 e6 4.Bg2 h6 5.O-O Nf6 6.c4 c6 7.Nc3 Be7 8.Nd2 O-O 9.e4
Bh7 10.Re1 Na6 11.a3 dxe4 12.Ndxe4 Nxe4 13.Nxe4 Nc7 14.Be3 Rb8 15.Rc1 b5
16.cxb5 Rxb5 17.b4 Nd5 18.Rxc6 a5 19.Qa4 Qb8 20.bxa5 Rb1 21.Rcc1 Qb5 22.Qxb5
Rxb5 23.Nc5 Rxa5 24.Bd2 Rxa3 25.Bxd5 Bxc5 26.Rxc5 exd5 27.Rxd5 Rd3 28.Bb4 Rc8
29.Bc5 g5 30.h3 Rxc5 31.Rxc5 Rxd4 32.Rce5 Kg7 33.Kg2 Bg6 34.g4 Rf4 35.Kg3 f5
36.f3 h5 37.Re7+ Kf8 38.Ra7 hxg4 39.hxg4 fxg4 40.fxg4 Re4 41.Rxe4 Bxe4 42.Ra5
Bg6 43.Rxg5 Kf7 44.Ra5 Kg7 45.Kf4 {#r} 1-0

[Event "90th Veliko Tarnovo GM"]
[Site "masterchessopen.com Veliko Tarnovo BUL"]
[Date "2017.02.06"]
[Round "1.3"]
[White "Stefanov,Emil"]
[Black "Erdogdu,M"]
[Result "1-0"]
[WhiteElo "2458"]
[BlackElo "2453"]

1.d4 Nf6 2.c4 g6 3.Nc3 Bg7 4.e4 d6 5.Nf3 O-O 6.Be2 e5 7.d5 a5 8.Bg5 h6 9.Be3
Ng4 10.Bd2 f5 11.h3 Nf6 12.exf5 gxf5 13.Qc1 f4 14.g3 e4 15.Nh4 e3 16.fxe3 fxg3
17.Ng6 Na6 18.Rg1 Rf7 19.Qc2 Nb4 20.Qb1 Nfxd5 21.Nxd5 Nxd5 22.cxd5 Qf6 23.Nf4
Bf5 24.Bd3 Bxd3 25.Qxd3 Re8 26.Kd1 Qxb2 27.Rb1 Qxa2 28.Rxg3 Qa4+ 29.Qc2 Qxc2+
30.Kxc2 b6 31.Ne6 Kh7 32.Rf1 Ree7 33.Rfg1 a4 34.Bc3 Bxc3 35.Kxc3 c5 36.Kc4 a3
37.Rg8 b5+ 38.Kxb5 a2 39.Rf8 Rg7 40.Nxg7 Rb7+ 41.Kc6 Rb1 42.Rff1 a1=Q 43.Rxb1
Qa6+ 44.Kd7 c4 45.Ne6 Qa7+ 46.Kxd6 Qa3+ 47.Kc6 Qa8+ 48.Kc5 c3 49.e4 c2 50.Ra1
Qc8+ 51.Kd4 h5 52.Ra7+ Kh6 53.Rag7 Qe8 54.R1g6+ Qxg6 55.Rxg6+ Kxg6 56.Nf4+
{#r} 1-0

[Event "FSGM January 2017"]
[Site "masterchessopen.com Budapest HUN"]
[Date "2017.02.06"]
[Round "3.2"]
[White "Kosic,D"]
[Black "Pacher,M"]
[Result "0-1"]
[WhiteElo "2486"]
[BlackElo "2466"]

1.d4 d5 2.c4 c6 3.cxd5 cxd5 4.Bf4 Nc6 5.e3 Nf6 6.Nc3 a6 7.Bd3 Bg4 8.Nge2 e6
9.O-O Bd6 10.f3 Bh5 11.Rc1 Bg6 12.Na4 O-O 13.Nc5 Bxc5 14.dxc5 Bxd3 15.Qxd3 h6
16.Bd6 Re8 17.e4 Qa5 18.a3 Qb5 19.Qc2 d4 20.Rfd1 e5 21.Rd3 Rac8 22.Rb3 Qa4
23.Qd3 Na5 24.Rb6 Nd7 25.Rb4 Qc6 26.f4 f6 27.Nxd4 exd4 28.Rxd4 Qb5 29.Qc2 Nxc5
30.Rb4 Nd3 31.Rxb5 Rxc2 32.Rxc2 axb5 33.Rd2 Nc1 34.Rd1 Nc4 35.Bc7 Nb3 36.Rd5
Rxe4 37.Rxb5 Nd4 38.Rxb7 Re1+ 39.Kf2 Re2+ 40.Kg3 Ne3 {#R} 0-1

[Event "FSGM January 2017"]
[Site "masterchessopen.com Budapest HUN"]
[Date "2017.02.06"]
[Round "3.4"]
[White "Kaczur,F"]
[Black "Chovan,Milan"]
[Result "1-0"]
[WhiteElo "2431"]
[BlackElo "2284"]

1.e4 c5 2.Nf3 d6 3.d4 cxd4 4.Nxd4 Nf6 5.Nc3 a6 6.h3 e6 7.g4 Nfd7 8.g5 b5 9.a3
Bb7 10.Be3 Be7 11.h4 Nb6 12.Qd2 N8d7 13.O-O-O Rc8 14.Kb1 d5 15.Nxd5 exd5
16.Nf5 g6 17.Qd4 Rg8 18.Nxe7 Qxe7 19.Bh3 dxe4 20.Bf4 Rc4 21.Bxd7+ Nxd7 22.Qa7
Bc8 23.Rhe1 f5 24.Rd6 Nc5 25.Qb6 Ne6 26.b3 Rc3 27.Be5 Rc7 28.Bf6 Qf7 29.Red1
Rd7 30.Rxe6+ Kf8 31.Qc5+ {#r} 1-0

[Event "FSGM January 2017"]
[Site "masterchessopen.com Budapest HUN"]
[Date "2017.02.06"]
[Round "3.5"]
[White "Rodriguez Lopez,Ra"]
[Black "Torma,R"]
[Result "0-1"]
[WhiteElo "2277"]
[BlackElo "2492"]

1.e4 e6 2.d4 d5 3.Nd2 h6 4.Bd3 c5 5.dxc5 Bxc5 6.Ngf3 Nc6 7.O-O Nge7 8.a3 a5
9.b3 O-O 10.c4 dxc4 11.Nxc4 b5 12.Nb2 b4 13.a4 Qc7 14.Nc4 Rd8 15.Bb2 Ng6 16.g3
e5 17.Qe2 Bg4 18.Rac1 Qd7 19.Rfd1 Bh5 20.Ne3 Bxe3 21.Qxe3 Nd4 22.Bb5 Nxf3+
23.Qxf3 Qxd1+ {#R} 0-1

[Event "FSIM January 2017"]
[Site "masterchessopen.com Budapest HUN"]
[Date "2017.02.06"]
[Round "3.2"]
[White "Cai,Chaoruo"]
[Black "Havanecz,B"]
[Result "1-0"]
[WhiteElo "2100"]
[BlackElo "2220"]

1.d4 d5 2.c4 c6 3.Nf3 Nf6 4.e3 e6 5.Nbd2 Nbd7 6.Bd3 Be7 7.O-O O-O 8.e4 dxc4
9.Nxc4 c5 10.e5 Nd5 11.Qe2 cxd4 12.Qe4 g6 13.Bh6 Re8 14.Qxd4 b6 15.Rad1 Bb7
16.a3 a5 17.h4 Nf8 18.h5 gxh5 19.Bxf8 Bxf8 20.Qe4 Bg7 21.Nd6 Re7 22.Qxh7+ Kf8
23.Be4 f5 24.Bxd5 Bxd5 25.Nh4 {#r} 1-0

[Event "FSIM January 2017"]
[Site "masterchessopen.com Budapest HUN"]
[Date "2017.02.06"]
[Round "3.3"]
[White "Farkas,R"]
[Black "Nemeth,Zo"]
[Result "1-0"]
[WhiteElo "2310"]
[BlackElo "2281"]

1.e4 e5 2.Nf3 Nc6 3.Nc3 Bc5 4.Bb5 d6 5.Na4 Bb6 6.Nxb6 axb6 7.d4 Bd7 8.O-O Nxd4
9.Nxd4 exd4 10.Bxd7+ Qxd7 11.Qxd4 f6 12.b3 Ne7 13.Bb2 O-O 14.c4 Qe6 15.Rfe1
Rfe8 16.Re3 Ra5 17.h3 Nc6 18.Qd2 Qf7 19.a4 Qg6 20.Rae1 Rg5 21.g4 Ra5 22.f4 h5
23.Bc3 Rc5 24.f5 Qg5 25.b4 Rce5 26.Bxe5 Nxe5 27.Qg2 hxg4 28.hxg4 Ra8 29.Ra3 c6
30.c5 dxc5 31.bxc5 Rd8 32.cxb6 Rd2 33.Qg3 Nxg4 34.a5 Rb2 35.Rb3 Ra2 36.e5 Qd2
37.Rd3 Qc2 38.Rd8+ Kh7 39.Rd4 Nxe5 40.Qh4+ Kg8 41.Rd8+ {#r} 1-0

[Event "37th TCh-IND 2017"]
[Site "masterchessopen.com Bhopal IND"]
[Date "2017.02.06"]
[Round "7.1"]
[White "Deshmukh,A"]
[Black "Karthikeyan,P2"]
[Result "0-1"]
[WhiteElo "2229"]
[BlackElo "2506"]
[EventType "team"]

1.e4 e5 2.Nf3 Nc6 3.Bb5 a6 4.Ba4 Nf6 5.O-O Be7 6.Re1 b5 7.Bb3 d6 8.c3 O-O 9.h3
Bb7 10.d3 Na5 11.Bc2 c5 12.Nbd2 Re8 13.Nf1 h6 14.Ng3 Bf8 15.Nh2 d5 16.Ng4 dxe4
17.Nxf6+ Qxf6 18.dxe4 Bc8 19.Nh5 Qh4 20.Qf3 Be6 21.Kh2 Rad8 22.Rg1 Be7 23.Ng3
Bg5 24.Be3 Nc4 25.Bxc5 Rd2 26.Rgc1 Nxb2 27.Nf1 Rd7 28.Be3 Bxe3 29.Nxe3 Qf4+
30.Qg3 Rd2 31.Kg1 Qxg3 32.fxg3 Nc4 33.Nf1 Rd6 34.a4 bxa4 35.Rxa4 Rb8 36.Rb1
Rxb1 37.Bxb1 Rd1 38.Bc2 Rc1 39.Bb3 Nd2 40.Bxe6 Rxf1+ 41.Kh2 fxe6 42.Rxa6 Kf7
43.Ra5 Nxe4 {#R} 0-1

[Event "37th TCh-IND 2017"]
[Site "masterchessopen.com Bhopal IND"]
[Date "2017.02.06"]
[Round "7.1"]
[White "Sharma,Di"]
[Black "Swapnil,SD"]
[Result "0-1"]
[WhiteElo "2272"]
[BlackElo "2534"]
[EventType "team"]

1.e4 c5 2.Nf3 d6 3.Bc4 Nf6 4.d3 Bg4 5.e5 d5 6.Bb3 Ng8 7.Bf4 e6 8.Nbd2 Ne7 9.h3
Bh5 10.O-O Nec6 11.Re1 Be7 12.Bh2 Nd4 13.c3 Nxb3 14.Qxb3 Qd7 15.c4 Nc6 16.d4
dxc4 17.Qxc4 cxd4 18.Rad1 O-O 19.g4 Bg6 20.Nb3 d3 21.Nc1 Rfd8 22.h4 Nd4
23.Nxd4 Qxd4 24.Qxd4 Rxd4 25.Nb3 Rxg4+ 26.Bg3 Bxh4 27.Kg2 Bg5 28.f3 Rc4 29.f4
Bxf4 30.Bxf4 Rxf4 31.Nc5 Rd4 32.Nxb7 Be4+ 33.Rxe4 Rxe4 {#R} 0-1

[Event "37th TCh-IND 2017"]
[Site "masterchessopen.com Bhopal IND"]
[Date "2017.02.06"]
[Round "7.2"]
[White "Lokesh,N"]
[Black "Satyapragyan,S"]
[Result "1-0"]
[WhiteElo "2208"]
[BlackElo "2442"]
[EventType "team"]

1.e4 c5 2.Nf3 Nc6 3.Nc3 e6 4.d4 cxd4 5.Nxd4 d6 6.Be2 Nf6 7.O-O Be7 8.Kh1 O-O
9.f4 Nxd4 10.Qxd4 b6 11.Bf3 Bb7 12.Be3 Qd7 13.a4 Rfd8 14.Rfd1 Qc8 15.a5 d5
16.exd5 Nxd5 17.Nxd5 Bxd5 18.Bxd5 Rxd5 19.Qe4 Rxd1+ 20.Rxd1 bxa5 21.f5 Bf6
22.fxe6 fxe6 23.b3 a6 24.Rd6 e5 25.c4 Qf8 26.c5 Kh8 27.Rd1 h6 28.c6 Rc8 29.Bb6
Bd8 30.Bxd8 Rxd8 31.Rxd8 Qxd8 32.h3 Qd1+ 33.Kh2 Qd6 34.Qc2 Qc7 35.Qc4 e4+
36.g3 e3 37.Kg2 e2 38.Kf2 Qe5 39.Ke1 Qxg3+ 40.Kxe2 Qe5+ 41.Kd2 Qh2+ 42.Kc1 Qc7
43.Qxa6 Kg8 44.Qa8+ Kh7 45.Qe8 Qf4+ 46.Kc2 a4 47.bxa4 Qxa4+ 48.Kc3 Qa3+ 49.Kc4
Qa4+ 50.Kc5 Qa5+ 51.Kd6 Qa3+ 52.Kc7 Qg3+ 53.Kd8 Qg5+ 54.Qe7 Qd5+ 55.Qd7 Qg5+
56.Kc8 Qa5 57.Qd3+ Kg8 58.c7 Qa6+ {#r} 1-0

[Event "37th TCh-IND 2017"]
[Site "masterchessopen.com Bhopal IND"]
[Date "2017.02.06"]
[Round "7.2"]
[White "Swayams,M"]
[Black "Saravana,Kr"]
[Result "0-1"]
[WhiteElo "2460"]
[BlackElo "2308"]
[EventType "team"]

1.d4 d5 2.Nf3 Nf6 3.c4 c6 4.e3 Bf5 5.Nc3 e6 6.Nh4 Be4 7.f3 Bg6 8.Qb3 Qb6 9.Bd2
Qxb3 10.axb3 Bc2 11.g4 Bxb3 12.c5 g5 13.Ng2 h5 14.gxh5 Nxh5 15.Kf2 Nd7 16.Bd3
Nhf6 17.Ra3 Bc4 18.Bxc4 dxc4 19.Ra4 Rh3 20.Rxc4 b5 21.Rb4 g4 22.fxg4 Nxg4+
23.Kg1 Bh6 24.Nd1 O-O-O 25.Rb3 Kb7 26.Rc3 Rh8 27.Ne1 Bg5 28.Nf2 Nxf2 29.Kxf2
Nf6 30.Nf3 Ne4+ 31.Ke2 Bd8 32.Rf1 Nxc3+ 33.Bxc3 Rg8 34.Rf2 a5 35.Bd2 f5 36.Ne5
Bh4 37.Rf1 Rxh2+ 38.Kd3 Bd8 39.Ra1 Rg3 40.Nf7 Bc7 41.Nd6+ Bxd6 42.cxd6 a4
43.b3 axb3 44.d7 Rxd2+ 45.Kxd2 Kc7 46.Ra7+ Kd8 47.Rb7 Rxe3 48.d5 exd5 49.Kxe3
b2 50.Kd4 b1=Q 51.Kc5 Qe4 52.Kd6 Qe7+ 53.Kxc6 Qe6+ 54.Kxb5 Qxd7+ 55.Rxd7+ Kxd7
56.Kc5 Ke6 57.Kd4 f4 58.Kd3 Ke5 59.Kd2 Ke4 60.Ke2 f3+ {#R} 0-1

[Event "37th TCh-IND 2017"]
[Site "masterchessopen.com Bhopal IND"]
[Date "2017.02.06"]
[Round "7.3"]
[White "Thanki,H"]
[Black "Shyam,SM"]
[Result "0-1"]
[WhiteElo "2135"]
[BlackElo "2554"]
[EventType "team"]

1.e4 e5 2.Nf3 Nc6 3.Bc4 Bc5 4.c3 Nf6 5.d3 O-O 6.Bb3 d5 7.Nbd2 Re8 8.O-O Bg4
9.h3 Bh5 10.Re1 Qd7 11.Qe2 Rad8 12.Bc2 Bg6 13.Nh4 Bh5 14.Nhf3 d4 15.Nf1 Bg6
16.a3 Nxe4 17.dxe4 d3 18.Bxd3 Qxd3 19.Qxd3 Rxd3 20.Nh4 Red8 21.Nxg6 hxg6
22.Be3 Be7 23.f4 exf4 24.Bxf4 R8d7 25.Ne3 g5 26.Bg3 Bc5 27.Bf2 Rd2 28.b4 Bb6
29.Nd1 Rxf2 30.Nxf2 Rd2 31.Rf1 Ne5 32.Rab1 Nd3 33.Rbd1 Nxf2 34.Rxd2 Nxe4+
35.Rdf2 f5 36.g3 Kf7 37.Kg2 Bxf2 38.Rd1 Bxg3 39.Rd5 Ke6 40.Ra5 Bf2 41.c4 Bb6
42.Rd5 c6 43.Rd3 c5 44.Rd5 a5 45.Kf3 axb4 46.axb4 Nf6 47.Rd1 cxb4 48.h4 g4+
49.Kf4 Bc7+ 50.Kg5 g3 51.Kg6 Bb6 52.Rd2 Bf2 {#R} 0-1

[Event "37th TCh-IND 2017"]
[Site "masterchessopen.com Bhopal IND"]
[Date "2017.02.06"]
[Round "7.3"]
[White "Narayanan,SL"]
[Black "Jayakumar,P"]
[Result "1-0"]
[WhiteElo "2524"]
[BlackElo "2006"]
[EventType "team"]

1.d4 e6 2.c4 f5 3.g3 Nf6 4.Bg2 Be7 5.Nc3 d5 6.Nf3 O-O 7.O-O c6 8.Rb1 Qe8 9.Bf4
h6 10.Qa4 Nbd7 11.c5 Ne4 12.Qc2 g5 13.Bc7 Bf6 14.Nxe4 fxe4 15.Ne5 Nxe5 16.dxe5
Bg7 17.Bd6 Rf5 18.Bh3 Qh5 19.Bxf5 exf5 20.f4 exf3 21.exf3 Be6 22.b4 a6 23.a4
Qh3 24.Qg2 Qh5 25.b5 axb5 26.axb5 Bd7 27.b6 f4 28.g4 Qg6 29.Ra1 Re8 30.Rfe1
Qd3 31.Qe2 Qd4+ 32.Qf2 Rxe5 33.Bxe5 Bxe5 34.Ra8+ Kf7 35.Qxd4 Bxd4+ 36.Kf1 Bxc5
37.Rb8 Be3 38.Rxb7 Ke6 39.Rb8 Kd6 40.Rxe3 fxe3 41.Rd8 {#r} 1-0

[Event "37th TCh-IND 2017"]
[Site "masterchessopen.com Bhopal IND"]
[Date "2017.02.06"]
[Round "7.5"]
[White "Ramakrishna,J"]
[Black "Jayakumaar,S"]
[Result "1-0"]
[WhiteElo "2141"]
[BlackElo "2237"]
[EventType "team"]

1.Nf3 d5 2.g3 Nf6 3.Bg2 c6 4.O-O Bf5 5.d3 h6 6.b3 e6 7.Bb2 Be7 8.c4 a5 9.a3
O-O 10.Nbd2 Nbd7 11.Re1 Bh7 12.Rc1 Nc5 13.Bxf6 gxf6 14.cxd5 cxd5 15.Nf1 Qb6
16.Rb1 Nd7 17.b4 axb4 18.axb4 Rfc8 19.Qd2 Bf8 20.Rb2 Ra4 21.Reb1 f5 22.Qf4 Bg7
23.d4 Rc4 24.Ne3 Rcxb4 25.Rxb4 Rxb4 26.Rxb4 Qxb4 27.h4 Qc3 28.Kh2 h5 29.Qd6
Nf8 30.Qb6 Qc8 31.Ne5 Nd7 32.Nxd7 Qxd7 33.f4 Bg6 34.Nf1 Bf6 35.Nd2 Qa4 36.Nb3
Qc4 37.Bf3 Qa6 38.Qc7 b6 39.Kg2 Qb5 40.Qc3 Qc4 41.Qb2 b5 42.e3 b4 43.Kf2 Be7
44.Be2 Qc7 45.Bd3 f6 46.Qc2 Qb8 47.Qc6 Bf7 48.Nc5 Bxc5 49.dxc5 b3 50.Qb6 Qc8
51.Ba6 Qa8 52.c6 Be8 53.c7 {#r} 1-0

[Event "37th TCh-IND 2017"]
[Site "masterchessopen.com Bhopal IND"]
[Date "2017.02.06"]
[Round "7.5"]
[White "Harikrishnan,A"]
[Black "Gopal,K"]
[Result "1-0"]
[WhiteElo "2291"]
[BlackElo "2038"]
[EventType "team"]

1.e4 e6 2.d4 d5 3.Nc3 dxe4 4.Nxe4 Nd7 5.Nf3 Ngf6 6.Bd3 Nxe4 7.Bxe4 Be7 8.O-O
Nf6 9.Bd3 O-O 10.Ne5 c5 11.dxc5 Qd5 12.Qe2 Qxc5 13.Bg5 h6 14.Bd2 Rd8 15.Rfe1
Bd7 16.Bc3 Be8 17.Rad1 Rd5 18.Ng4 Nxg4 19.Qxg4 Rg5 20.Qe4 g6 21.Bd4 Qc8 22.Qe2
Bc6 23.Be4 Bxe4 24.Qxe4 Bc5 25.Bc3 Rf5 26.Re2 h5 27.Red2 Bb6 28.h3 e5 29.a4 a5
30.Bxe5 Qe8 31.Re1 Rd8 32.Bc3 Qf8 33.Rxd8 Bxd8 34.Qxb7 Bf6 35.Qc6 Qg7 36.Bxf6
Rxf6 37.Qa8+ Kh7 38.Qxa5 Qh6 39.Qe5 Rf5 40.Qe3 Qf8 41.c3 Qa8 42.Qe4 Qb8 43.b4
Qa7 44.Qd4 Qxa4 45.g4 Rb5 46.Re8 {#r} 1-0

[Event "Portugal Open 2017"]
[Site "masterchessopen.com Lisbon POR"]
[Date "2017.02.07"]
[Round "6.1"]
[White "Gharamian,T"]
[Black "Iturrizaga,E"]
[Result "0-1"]
[WhiteElo "2624"]
[BlackElo "2652"]

1.e4 c6 2.d4 d5 3.Nd2 dxe4 4.Nxe4 Bf5 5.Ng3 Bg6 6.h4 h6 7.Nf3 e6 8.Ne5 Bh7
9.Bd3 Bxd3 10.Qxd3 Nd7 11.f4 Be7 12.Nh5 Ngf6 13.Nxg7+ Kf8 14.Nxe6+ fxe6 15.Bd2
Rh7 16.g4 Kg8 17.Rg1 Nxe5 18.fxe5 Ne8 19.g5 hxg5 20.hxg5 Ng7 21.O-O-O Nf5
22.Rg4 Kg7 23.c4 Kg6 24.Qe4 Qd7 25.Rh1 Rxh1+ 26.Qxh1 Bf8 27.d5 cxd5 28.Qh8 Qg7
29.Qh6+ Qxh6 30.gxh6+ Kh7 31.cxd5 exd5 32.Rf4 Kg6 33.Rg4+ Kf7 34.Rf4 Ke6
35.Rg4 Nxh6 36.Rg6+ Kf5 37.Rg5+ Ke4 38.e6 Re8 {#R} 0-1

[Event "Portugal Open 2017"]
[Site "masterchessopen.com Lisbon POR"]
[Date "2017.02.07"]
[Round "6.2"]
[White "Maiorov,N1"]
[Black "Perunovic,Mil"]
[Result "0-1"]
[WhiteElo "2511"]
[BlackElo "2604"]

1.d4 Nf6 2.c4 c5 3.d5 b5 4.cxb5 a6 5.bxa6 g6 6.Nc3 Bg7 7.g3 O-O 8.Bg2 d6 9.Nf3
Nxa6 10.O-O Qb6 11.Nd2 Nd7 12.Nc4 Qb4 13.Ne3 Nc7 14.a4 Rb8 15.Ra3 Ba6 16.Na2
Qd4 17.Qc2 c4 18.Nc3 f5 19.Ned1 Nc5 20.Be3 Qf6 21.f4 Nb3 22.Bf2 Nd4 23.Qd2 Nb3
24.Qe1 e5 25.dxe6 Qxe6 26.Ne3 Bb7 27.Bxb7 Rxb7 28.Qd1 Rd8 29.Nc2 d5 30.Nd4
Nxd4 31.Bxd4 Rxb2 32.a5 Qd6 33.Ra1 Bxd4+ 34.Qxd4 Ne6 35.Qf6 d4 36.Na4 Rxe2
{#R} 0-1

[Event "Portugal Open 2017"]
[Site "masterchessopen.com Lisbon POR"]
[Date "2017.02.07"]
[Round "6.4"]
[White "Fernandes,Ant"]
[Black "Kovalenko,I"]
[Result "0-1"]
[WhiteElo "2463"]
[BlackElo "2684"]

1.d4 Nf6 2.g3 c5 3.d5 d6 4.Nc3 g6 5.Bg2 Bg7 6.e4 O-O 7.Nge2 Na6 8.O-O Rb8 9.a4
Re8 10.h3 Nc7 11.Nb5 a6 12.Nxc7 Qxc7 13.a5 b5 14.axb6 Rxb6 15.Ra3 a5 16.c4 Rb4
17.b3 a4 18.Bd2 axb3 19.Bxb4 cxb4 20.Rxb3 Qxc4 21.Re3 Nd7 22.Qd2 b3 23.Rb1 Nc5
24.Nc1 Qd4 25.Qxd4 Bxd4 26.Rexb3 Nxb3 27.Nxb3 Bc3 28.Rc1 Bf6 29.Bf1 Bd7 30.Na5
Ra8 31.Rc7 Bxh3 32.Bxh3 Rxa5 33.Rc2 h5 34.Kg2 Ra3 35.Bd7 Kg7 36.Bc6 Bd4 37.Rd2
Bc5 38.Bb5 Rb3 39.Bc6 Kf6 40.Re2 Rb8 41.Ba4 Ke5 42.Bc6 Kd4 43.Rd2+ Kc3 44.Ra2
Kd3 45.f3 g5 46.Bd7 Kd4 47.Re2 Ke5 48.Ba4 Kd4 49.Bc6 Kd3 50.Ra2 Bd4 51.Ba4 Be5
52.Bd7 Rg8 53.Bb5+ Kd4 54.Ra4+ Kc3 55.Bd7 Kb3 56.Ra7 Bd4 57.Rb7+ Kc3 58.Bc6
Bf6 59.Ra7 g4 60.Bd7 gxf3+ 61.Kxf3 Be5 62.Bf5 Rxg3+ 63.Kf2 Rg7 64.Rxe7 Kd2
65.Re8 h4 66.Bc8 Rg3 67.Rxe5 dxe5 68.d6 Rd3 69.d7 h3 70.d8=B Rxd8 71.Bxh3 Rd3
72.Bf5 Re3 73.Bh7 Kd3 74.Bf5 Kd4 {#R} 0-1

[Event "Portugal Open 2017"]
[Site "masterchessopen.com Lisbon POR"]
[Date "2017.02.07"]
[Round "6.6"]
[White "Dastan,B"]
[Black "Grigoryan,K2"]
[Result "1-0"]
[WhiteElo "2497"]
[BlackElo "2561"]

1.Nf3 Nf6 2.g3 d5 3.Bg2 c6 4.O-O Bg4 5.c4 e6 6.d3 Nbd7 7.cxd5 cxd5 8.Nc3 Bc5
9.d4 Bxf3 10.Bxf3 Be7 11.e4 dxe4 12.Nxe4 O-O 13.Nc3 Qc8 14.d5 Ne5 15.Bg2 Nxd5
16.Nxd5 exd5 17.Qxd5 Bf6 18.Qb3 Nc6 19.Be3 Rb8 20.Rfd1 Qf5 21.Rd5 Qe6 22.Rad1
Be5 23.R1d2 Rfc8 24.Rd7 Qxb3 25.axb3 Bc7 26.Bd5 Ne5 27.Re7 Bd6 28.Rxb7 Bb4
29.Rc2 a5 30.Bd4 Bd6 31.Rxc8+ Rxc8 32.f4 Rc1+ 33.Kg2 Nc6 34.Bc3 Ne7 35.Rd7 Nf5
36.Bxf7+ Kf8 37.Be6 Ne3+ 38.Kf3 Bc5 39.Bxg7+ Ke8 40.Bf6 {#r} 1-0

[Event "Portugal Open 2017"]
[Site "masterchessopen.com Lisbon POR"]
[Date "2017.02.07"]
[Round "6.8"]
[White "Annaberdiev,M"]
[Black "Burmakin,V"]
[Result "1-0"]
[WhiteElo "2435"]
[BlackElo "2527"]

1.e4 c6 2.d4 d5 3.e5 Bf5 4.h4 h5 5.c4 e6 6.Nc3 Ne7 7.Nge2 Nd7 8.Ng3 Bg6 9.Bg5
Qb6 10.Qd2 Nf5 11.Nxf5 Bxf5 12.cxd5 cxd5 13.Be2 Nb8 14.Bb5+ Nc6 15.a3 Be7
16.Bxc6+ Qxc6 17.Bxe7 Kxe7 18.Rc1 Qd7 19.O-O Bg6 20.Qg5+ Kf8 21.Rfd1 Kg8
22.Ne2 Kh7 23.Nf4 Qd8 24.Qxd8 Rhxd8 25.Rc7 Rdc8 26.Rdc1 Rxc7 27.Rxc7 Rb8 28.f3
b5 29.Rxa7 b4 30.Nh3 bxa3 31.bxa3 Kg8 32.a4 Bf5 33.Ng5 f6 34.exf6 gxf6 35.Nf7
Bd3 36.a5 Rb1+ 37.Kf2 Ra1 38.g4 Bg6 39.Nh6+ Kf8 40.gxh5 Bxh5 41.a6 e5 42.dxe5
fxe5 43.Ra8+ Kg7 44.a7 Kh7 45.Ng8 Bf7 46.Ne7 d4 47.Rf8 {#r} 1-0

[Event "Portugal Open 2017"]
[Site "masterchessopen.com Lisbon POR"]
[Date "2017.02.07"]
[Round "6.9"]
[White "Sousa,Andre Ventura"]
[Black "Campora,D"]
[Result "1-0"]
[WhiteElo "2380"]
[BlackElo "2450"]

1.e4 e5 2.Nf3 Nc6 3.Bb5 a6 4.Ba4 Nf6 5.O-O Be7 6.d3 d6 7.c3 O-O 8.Nbd2 Re8
9.d4 b5 10.Bc2 Bf8 11.d5 Ne7 12.a4 Bd7 13.c4 c5 14.cxb5 axb5 15.b3 Ng6 16.Ba3
Nf4 17.g3 Nh3+ 18.Kh1 Ng4 19.Qe2 c4 20.axb5 cxb3 21.Bd3 Qb6 22.Nc4 Qb8 23.b6
f5 24.Nfd2 f4 25.f3 Nf6 26.Bxd6 Bxd6 27.Rxa8 Qxa8 28.Nxd6 Rf8 29.b7 Qa7
30.N2c4 h5 31.Nxe5 fxg3 32.hxg3 h4 33.Nxd7 Nh5 34.Nxf8 Nxg3+ 35.Kh2 Kxf8
36.Ra1 {#r} 1-0

[Event "Portugal Open 2017"]
[Site "masterchessopen.com Lisbon POR"]
[Date "2017.02.07"]
[Round "6.10"]
[White "Harutyunian,T"]
[Black "Hill,Alistair"]
[Result "1-0"]
[WhiteElo "2515"]
[BlackElo "2200"]

1.c4 Nf6 2.Nc3 e5 3.Nf3 Nc6 4.e4 Bb4 5.d3 d6 6.a3 Bc5 7.b4 Bb6 8.Na4 Bd4
9.Nxd4 Nxd4 10.Nc3 h6 11.Ne2 Ne6 12.h3 O-O 13.g3 a5 14.b5 c6 15.a4 d5 16.exd5
cxd5 17.Ba3 dxc4 18.dxc4 Qb6 19.Qd6 Qxd6 20.Bxd6 Rd8 21.Bxe5 Nc5 22.Bxf6 Nd3+
23.Kd2 gxf6 24.Ke3 Bf5 25.Nc3 Re8+ 26.Kf3 Rac8 27.Bxd3 Bxd3 28.Nd5 Be4+ 29.Kf4
Bxh1 30.Nxf6+ Kf8 31.Nxe8 Rxc4+ 32.Ke5 Kxe8 33.Rxh1 Rxa4 34.Rc1 Kd8 35.Kf6 Rb4
36.Kxf7 Rxb5 37.Ra1 Rf5+ 38.Kg6 Rxf2 39.Kxh6 Rf3 40.Rg1 Ke7 41.h4 Kf7 42.g4
Kg8 43.g5 b5 44.h5 a4 45.Rb1 Rb3 46.Rd1 Kf7 47.g6+ Kf6 48.Rg1 Rc3 49.g7 Rc8
50.g8=Q Rxg8 51.Rxg8 a3 52.Ra8 b4 53.Ra4 {#r} 1-0

[Event "Portugal Open 2017"]
[Site "masterchessopen.com Lisbon POR"]
[Date "2017.02.07"]
[Round "6.12"]
[White "Diogo,V"]
[Black "Menezes,Chr"]
[Result "0-1"]
[WhiteElo "2241"]
[BlackElo "2404"]

1.e4 c5 2.Nf3 d6 3.d4 cxd4 4.Nxd4 Nf6 5.Nc3 a6 6.Bg5 e6 7.f4 h6 8.Bh4 Qb6 9.a3
Be7 10.Bf2 Qc7 11.Be2 O-O 12.g4 e5 13.Nf5 exf4 14.Qd2 Bxf5 15.gxf5 d5 16.exd5
Bd6 17.O-O-O Re8 18.Bf3 Nbd7 19.Bd4 Ne5 20.Qg2 Rad8 21.Rhg1 Bf8 22.Qf2 Qd7
23.h3 Qxf5 24.Bg4 Nfxg4 25.hxg4 Nxg4 26.Qh4 h5 27.Rdf1 b5 28.Rf3 a5 29.Rgf1
Be7 30.Qh1 b4 31.Kb1 bxc3 32.Rxf4 Qxd5 33.Qh3 Bg5 34.Rf5 Re1+ 35.Rxe1 Qxf5
36.Qxh5 cxb2 37.Rh1 Nh6 38.Bxb2 Rd2 39.Ka1 Qxc2 {#R} 0-1

[Event "Portugal Open 2017"]
[Site "masterchessopen.com Lisbon POR"]
[Date "2017.02.07"]
[Round "6.13"]
[White "Carneiro,C"]
[Black "Alvarez Marquez,J"]
[Result "0-1"]
[WhiteElo "2182"]
[BlackElo "2398"]

1.d4 d5 2.Nf3 Nc6 3.Bf4 Bg4 4.e3 e6 5.Be2 Bd6 6.Ne5 Bxe2 7.Qxe2 Bxe5 8.Bxe5
Nxe5 9.dxe5 Ne7 10.Nd2 c6 11.c3 Qb6 12.Nf3 Ng6 13.Qc2 Qc7 14.Qb3 O-O 15.Qc2 h6
16.h4 Nxe5 17.Nd4 c5 18.Ne2 c4 19.Nf4 b5 20.Rh3 Qe7 21.O-O-O f5 22.f3 Rab8
23.g4 fxg4 24.fxg4 b4 25.g5 Nd3+ 26.Rxd3 cxd3 27.Qxd3 bxc3 28.gxh6 cxb2+
29.Kb1 Rxf4 30.exf4 Qf6 31.Rg3 Qxh6 32.Rg5 Qxh4 33.Qe3 Qh1+ 34.Rg1 Qh7+ {#R}
0-1

[Event "Portugal Open 2017"]
[Site "masterchessopen.com Lisbon POR"]
[Date "2017.02.07"]
[Round "6.14"]
[White "Rey Malde,H"]
[Black "Rocha,S"]
[Result "0-1"]
[WhiteElo "2126"]
[BlackElo "2378"]

1.e4 c6 2.d4 d5 3.e5 Bf5 4.Nf3 e6 5.Be2 h6 6.O-O Ne7 7.Nbd2 Nd7 8.Nb3 a6 9.a4
Ng6 10.Be3 Be7 11.h3 Nh4 12.Nxh4 Bxh4 13.g4 Bh7 14.f4 f5 15.exf6 gxf6 16.f5
Qe7 17.Bf2 Bxf2+ 18.Rxf2 O-O-O 19.fxe6 Qxe6 20.Bd3 h5 21.Qe2 Qxe2 22.Rxe2 Bxd3
23.cxd3 hxg4 24.hxg4 Rdg8 25.Rg2 Rh4 26.Kf2 Rhxg4 27.Rxg4 Rxg4 28.Rh1 Rg7
29.Kf3 Kc7 30.Nc5 Nxc5 31.dxc5 f5 32.Rh5 Rg4 33.Rxf5 Rb4 34.Ke3 Rxb2 35.Rf7+
Kb8 36.Rf1 Rc2 37.Kd4 Ra2 38.Kc3 Rxa4 39.Rf7 a5 40.Rh7 Ka7 41.Rf7 Rb4 {#R} 0-1

[Event "Portugal Open 2017"]
[Site "masterchessopen.com Lisbon POR"]
[Date "2017.02.07"]
[Round "6.16"]
[White "Vasques,A"]
[Black "Alberto,M ANG"]
[Result "0-1"]
[WhiteElo "2333"]
[BlackElo "2174"]

1.e4 e5 2.Nf3 Nc6 3.Bc4 Bc5 4.O-O d6 5.c3 Bb6 6.h3 Nf6 7.d3 O-O 8.a4 a6 9.Bg5
Be6 10.Na3 h6 11.Bh4 g5 12.Nxg5 hxg5 13.Bxg5 Kg7 14.d4 exd4 15.f4 dxc3+ 16.Kh1
cxb2 17.e5 bxa1=Q 18.Qxa1 Ne4 19.Bxd8 Ng3+ 20.Kh2 Nxf1+ 21.Qxf1 Raxd8 22.f5
Bxc4 23.f6+ Kg6 24.Qb1+ Kg5 25.g4 Kf4 26.Qf5+ Ke3 27.Nxc4+ Kd4 28.Qf4+ Kd5
29.exd6 Bd4 30.dxc7 Rde8 31.Qf1 Rc8 32.Qd3 Rxc7 33.Ne3+ Kd6 34.Qa3+ Bc5
35.Nf5+ Kd5 36.Qb3+ Ke4 37.Qc2+ Kd5 38.Qb3+ Ke4 39.Qc4+ Nd4 40.Kg2 b5 41.Qc3
Nxf5 42.Qf3+ Ke5 43.Qxf5+ Kd6 44.Qf4+ Kc6 45.Qe4+ Kb6 46.h4 Rd8 47.g5 Rcd7
48.g6 Rd2+ 49.Kf3 R8d3+ 50.Kf4 Rd4 51.g7 Rxe4+ 52.Kxe4 Rd8 53.h5 b4 {#R} 0-1

[Event "Portugal Open 2017"]
[Site "masterchessopen.com Lisbon POR"]
[Date "2017.02.07"]
[Round "6.17"]
[White "Damia,A"]
[Black "Guerreiro,N"]
[Result "1-0"]
[WhiteElo "2293"]
[BlackElo "2157"]

1.c4 e5 2.a3 Nf6 3.e3 d6 4.d4 Nbd7 5.Nc3 g6 6.f4 exd4 7.exd4 Qe7+ 8.Be2 Nb6
9.Nf3 Bg7 10.O-O O-O 11.Re1 Ne4 12.Nxe4 Qxe4 13.Bd3 Qc6 14.d5 Qa4 15.b3 Qd7
16.Ra2 Qg4 17.h3 Qg3 18.Kh1 Bd7 19.f5 Rae8 20.Rae2 Rxe2 21.Qxe2 Bf6 22.Bh6 Rd8
23.a4 a5 24.Qe3 Be5 25.Nxe5 Qxe3 26.Rxe3 dxe5 27.Rxe5 f6 28.Re7 gxf5 29.Bf4 c6
30.Bc7 {#r} 1-0